English syntax : (Record no. 2435)
[ view plain ]
| 000 -LEADER | |
|---|---|
| fixed length control field | 00773cam a2200217 a 4500 |
| 001 - CONTROL NUMBER | |
| control field | 726139 |
| 005 - DATE AND TIME OF LATEST TRANSACTION | |
| control field | 20241218113525.0 |
| 008 - FIXED-LENGTH DATA ELEMENTS--GENERAL INFORMATION | |
| fixed length control field | 980514s1999 nyu b 001 0 eng |
| 020 ## - INTERNATIONAL STANDARD BOOK NUMBER | |
| International Standard Book Number | 0195123522 (acidfree paper) |
| 020 ## - INTERNATIONAL STANDARD BOOK NUMBER | |
| International Standard Book Number | 0195123530 (pbk.) |
| 050 00 - LIBRARY OF CONGRESS CALL NUMBER | |
| Classification number | PE1361 |
| Item number | .B47 1999 |
| 082 00 - DEWEY DECIMAL CLASSIFICATION NUMBER | |
| Classification number | 425 |
| Edition information | 21 |
| 100 1# - MAIN ENTRY--PERSONAL NAME | |
| Personal name | Berk, Lynn M., |
| Dates associated with a name | 1943- |
| 245 10 - TITLE STATEMENT | |
| Title | English syntax : |
| Remainder of title | from word to discourse / |
| Statement of responsibility, etc. | Lynn M. Berk. |
| 260 ## - PUBLICATION, DISTRIBUTION, ETC. | |
| Place of publication, distribution, etc. | New York : |
| Name of publisher, distributor, etc. | Oxford University Press, |
| Date of publication, distribution, etc. | 1999. |
| 300 ## - PHYSICAL DESCRIPTION | |
| Extent | xvii, 315 p. ; |
| Dimensions | 24 cm. |
| 650 #0 - SUBJECT ADDED ENTRY--TOPICAL TERM | |
| Topical term or geographic name entry element | English language |
| General subdivision | Syntax. |
| 856 42 - ELECTRONIC LOCATION AND ACCESS | |
| Materials specified | Publisher description |
| Uniform Resource Identifier | <a href="http://www.loc.gov/catdir/enhancements/fy0604/98023348-d.html">http://www.loc.gov/catdir/enhancements/fy0604/98023348-d.html</a> |
| 856 41 - ELECTRONIC LOCATION AND ACCESS | |
| Materials specified | Table of contents only |
| Uniform Resource Identifier | <a href="http://www.loc.gov/catdir/enhancements/fy0604/98023348-t.html">http://www.loc.gov/catdir/enhancements/fy0604/98023348-t.html</a> |
| 942 ## - ADDED ENTRY ELEMENTS (KOHA) | |
| Source of classification or shelving scheme | Library of Congress Classification |
| Koha item type | Books |
| Suppress in OPAC | No |
| 999 ## - | |
| -- | 2435 |
| -- | 2435 |
| Withdrawn status | Lost status | Source of classification or shelving scheme | Damaged status | Not for loan | Collection | Home library | Current library | Shelving location | Date acquired | Total checkouts | Full call number | Barcode | Date last seen | Copy number | Price effective from | Koha item type |
|---|---|---|---|---|---|---|---|---|---|---|---|---|---|---|---|---|
| Library of Congress Classification | Non-fiction | Business Library (Miotso) | Business Library (Miotso) | General stacks | 03/27/2026 | PE1361 .B47 1999 | BSSM00003398 | 04/22/2026 | 3 | 03/27/2026 | Books | |||||
| Library of Congress Classification | Non-fiction | Business Library (Miotso) | Business Library (Miotso) | General stacks | 03/27/2026 | PE1361 .B47 1999 | BSSM00004023 | 04/30/2026 | 4 | 03/27/2026 | Books | |||||
| Library of Congress Classification | Non-fiction | Business Library (Miotso) | Business Library (Miotso) | General stacks | 03/27/2026 | PE1361 .B47 1999 | BSSM00004024 | 04/30/2026 | 5 | 03/27/2026 | Books | |||||
| Library of Congress Classification | Non-fiction | Undergraduate Library (Christ Temple) | Undergraduate Library (Christ Temple) | General stacks | 12/18/2024 | PE136.B47 BER | ulct00000708 | 12/18/2024 | 1 | 12/18/2024 | Books | |||||
| Library of Congress Classification | Non-fiction | Undergraduate Library (Christ Temple) | Undergraduate Library (Christ Temple) | General stacks | 12/18/2024 | PE136.B47 BER | ulct00000709 | 12/18/2024 | 2 | 12/18/2024 | Books |